<?xml version="1.0" encoding="UTF-8"?>
<record
    xmlns:xsi="http://www.w3.org/2001/XMLSchema-instance"
    xsi:schemaLocation="http://www.loc.gov/MARC21/slim http://www.loc.gov/standards/marcxml/schema/MARC21slim.xsd"
    xmlns="http://www.loc.gov/MARC21/slim">

  <leader>005850000a22001930004500</leader>
  <datafield tag="041" ind1="0" ind2=" ">
    <subfield code="a">ENG</subfield>
  </datafield>
  <datafield tag="082" ind1="0" ind2="4">
    <subfield code="a">G 230.046 M729t</subfield>
  </datafield>
  <datafield tag="100" ind1="1" ind2=" ">
    <subfield code="a">Moltmann, J&#xFC;rgen</subfield>
  </datafield>
  <datafield tag="245" ind1="1" ind2="0">
    <subfield code="a">Theology of play / J&#xFC;rgen Moltmann ; Reinhard Ulrich, Translated</subfield>
  </datafield>
  <datafield tag="250" ind1=" " ind2=" ">
    <subfield code="a">1</subfield>
  </datafield>
  <datafield tag="260" ind1=" " ind2=" ">
    <subfield code="a">New York, N.Y., USA : Harper and Row</subfield>
  </datafield>
  <datafield tag="300" ind1=" " ind2=" ">
    <subfield code="a">113 Pag</subfield>
  </datafield>
  <datafield tag="650" ind1="1" ind2="4">
    <subfield code="a">JUEGOS - ASPECTOS RELIGIOSOS - CRISTIANISMO \ LIBERTAD - ASPECTOS RELIGIOSOS - CRISTIANISMO</subfield>
  </datafield>
  <controlfield tag="001">3471</controlfield>
  <datafield tag="942" ind1=" " ind2=" ">
    <subfield code="c">BK</subfield>
  </datafield>
  <datafield tag="952" ind1=" " ind2=" ">
    <subfield code="0">0</subfield>
    <subfield code="1">0</subfield>
    <subfield code="4">0</subfield>
    <subfield code="7">0</subfield>
    <subfield code="8">GEN</subfield>
    <subfield code="a">FUSBC</subfield>
    <subfield code="b">FUSBC</subfield>
    <subfield code="d">2004-12-01</subfield>
    <subfield code="l">1</subfield>
    <subfield code="o">G 230.046 M729t </subfield>
    <subfield code="p">2895</subfield>
    <subfield code="r">2019-12-12 00:00:00</subfield>
    <subfield code="s">2019-04-11</subfield>
    <subfield code="t">1</subfield>
    <subfield code="w">2016-01-26</subfield>
    <subfield code="y">BK</subfield>
    <subfield code="B">0</subfield>
    <subfield code="C">3</subfield>
  </datafield>
  <datafield tag="999" ind1=" " ind2=" ">
    <subfield code="c">34135</subfield>
    <subfield code="d">34135</subfield>
  </datafield>
  <datafield tag="336" ind1=" " ind2=" ">
    <subfield code="a">texto</subfield>
    <subfield code="b">txt</subfield>
    <subfield code="2">rdacontent</subfield>
  </datafield>
  <datafield tag="337" ind1=" " ind2=" ">
    <subfield code="2">rdamedia</subfield>
    <subfield code="a">sin mediaci&#xF3;n</subfield>
    <subfield code="b">n</subfield>
  </datafield>
  <datafield tag="338" ind1=" " ind2=" ">
    <subfield code="2">rdacarrier</subfield>
    <subfield code="a">volumen</subfield>
    <subfield code="b">nc</subfield>
  </datafield>
</record>
